| 000 | 01408nab a2200217 i 4500 | ||
|---|---|---|---|
| 001 | 768714001 | ||
| 003 | CO-MdFUSB | ||
| 005 | 20230421083322.0 | ||
| 008 | 221005s2012 -us||||| |||| 00| 0 eng d | ||
| 022 | _a1065223X | ||
| 040 |
_beng _cCO-MdFUSB _dCO-MdFUSB |
||
| 041 | _aeng | ||
| 100 |
_aLeMarquand, Grant, _eautor |
||
| 245 | 4 |
_aThe Bible as specimen, Talisman, and dragoman in Africa : _ba look at some african uses of the Psalms and 1 Corinthians 12-14 _c/ Grant LeMarquand |
|
| 300 |
_aVolumen 22, Número 2 (2012), páginas 189-199 _c ; 23 cm |
||
| 520 | _aEl crecimiento de las iglesias cristianas en África ha dado lugar a diversas interpretaciones y usos de la Biblia. Este artículo examina tres usos de la Biblia en África como fuente de información histórica (espécimen), como objeto religioso o mágico (Talismán) y como fuente de guía para la vida (dragomán). Emplea interpretaciones del libro de Salmos y de 1 Corintios 12-14 para ejemplificar esta breve taxonomía Mientras desafía la aparente hegemonía de las metodologías occidentales en el gremio, también plantea puntos de preocupación sobre algunos usos africanos de las Escrituras. | ||
| 546 | _aTexto en inglés | ||
| 650 | 0 |
_916 _aBiblia |
|
| 773 | 0 |
_068251 _981337 _oR2122 _tBulletin for Biblical research _w(CO-MdFUSB)768714001 _x1065-223X _gVolumen 22, Número 2 (2012), páginas 189-199 _qpáginas 189 |
|
| 942 | _cANA | ||
| 999 |
_c68255 _d68255 |
||